01186nam a2200313Ia 4500001001100000003000800011006001900019007001500038008004100053010001700094020002200111020001500133040002100148035002000169050002400189082001500213100004300228245010500271260003400376300001600410504005000426533015200476650003200628650002600660655002900686710001700715856012500732999001500857ebr5003261CaPaEBRm u cr cn|||||||||870727s1988 nyu sb 001 0 eng d z 87020623  z0415001730 (pbk.) z0415004128 aCaPaEBRcCaPaEBR a(OCoLC)7075425714aB828.3b.L39 1988eb04a149/.82191 aKleinberg-Levin, David Michael,d1939-14aThe opening of visionh[electronic resource] :bnihilism and the postmodern situation /cD.M. Levin. aNew York :bRoutledge,c1988. axii, 560 p. aIncludes bibliography (p. 537-550) and index. aElectronic reproduction.bPalo Alto, Calif. :cebrary,d2013.nAvailable via World Wide Web.nAccess may be limited to ebrary affiliated libraries. 0aCivilization, Moderny1950- 0aNihilism (Philosophy) 7aElectronic books.2local2 aebrary, Inc.40uhttp://site.ebrary.com/lib/rucke/Doc?id=5003261zAn electronic book accessible through the World Wide Web; click to view c1844d1844